000 01261nam a2200325 i 4500
003 EG-GICUC
005 20260411110133.0
008 260411s1999 be ||||fr|||| 000 0 fre d
020 _a2801711865
040 _aEG-GiCUC
_bfre
_cEG-GiCUC
_dEG-GiCUC
_eRda
082 0 4 _221
_a341.48
_bLA . E
092 0 4 _221
099 _aLaw1 11 341.48 LA . E 1999
100 1 _aLambert, Elisabeth
_eAuteur
245 1 4 _aLes Effets Des Arrêts De La Cour Européenne Des Droits De L'homme :
_bContribution À Une Approche Pluraliste Du Droit Europeen Des Droits De L'homme /
_cElisabeth Lambert ; Gérard Cohen-jonathan, Jean-françois Flauss.
264 1 _aBruxelles :
_bÉtablissements Émile Bruylant Copy to Clipboard Share Download Text Clear,
_c1999.
300 _a624page :
_billustration ;
_c 24 cm.
336 _2rda contenu
_a texte
337 _2rda medias
_aOrdinateur
338 _2 transporteur rda
_a Ressource en ligne
504 _a
546 _aTexte en français
650 1 4 _aDroit international public
_2
651 1 _2
700 1 _aCohen-jonathan, Gérard
_ePréfacier
700 1 _aFlauss, Jean-françois
_ePréfacier
856 4 0 _uhttps://fll.law.cu.edu.eg/fulltext/bks/B11-08889.pdf
905 _a50
942 _2ddc
_cBK
_e21
_n0
999 _c70041
_d70041